000
00297nam a22001457a 4500
008
221123b ||||| |||| 00| 0 eng d
020
_a
9781943009527
041
_a
eng
080
_a
004
082
_a
004PCS
100
_a
18
101
_a
SHKP
245
_a
ICD.10.PCS
_c
PCS
942
_2
udc
_c
BK
999
_c
59012
_d
59012